{"text_format":"3","workbook":"xlsx","n_sheets":1,"sheets":["sheet0"],"read":"whole","date_system":"1900"}

{"sheet":"sheet0","index":0,"n_rows":21,"n_cols":24,"rows_kept":21,"merged":[[0,0,0,23],[1,0,1,23],[2,0,3,0],[2,1,3,1],[2,2,3,2],[2,3,3,3],[2,4,3,4],[2,5,3,5],[2,6,3,6],[2,7,3,7],[2,8,3,8],[2,9,3,9],[2,10,3,10],[2,11,3,11],[2,12,3,12],[2,13,3,13],[2,14,3,14],[2,15,3,15],[2,16,3,16],[2,17,3,17],[2,18,3,18],[2,19,3,19],[2,20,2,21],[2,22,3,22],[2,23,3,23]]}
["政府采购预算表","政府采购预算表","政府采购预算表","政府采购预算表","政府采购预算表","政府采购预算表","政府采购预算表","政府采购预算表","政府采购预算表","政府采购预算表","政府采购预算表","政府采购预算表","政府采购预算表","政府采购预算表","政府采购预算表","政府采购预算表","政府采购预算表","政府采购预算表","政府采购预算表","政府采购预算表","政府采购预算表","政府采购预算表","政府采购预算表","政府采购预算表"]
["单位:元","单位:元","单位:元","单位:元","单位:元","单位:元","单位:元","单位:元","单位:元","单位:元","单位:元","单位:元","单位:元","单位:元","单位:元","单位:元","单位:元","单位:元","单位:元","单位:元","单位:元","单位:元","单位:元","单位:元"]
["序号","单位*","项目*","项目类别*","部门支出经济分类*","政府采购品目*","采购预算项目名称*","采购标的/设备名称*","组织方式*","配置要求","拟实现功能或目标*","是否专门面向中小企业采购*","是否专门面向监狱企业采购*","是否专门面向小型、微型企业采购*","是否专门面向残疾人福利性单位采购*","资金性质*","单价*","采购数量*","采购金额*","计量单位*","中小微企业预留采购份额","中小微企业预留采购份额","备注说明","接收标志"]
["序号","单位*","项目*","项目类别*","部门支出经济分类*","政府采购品目*","采购预算项目名称*","采购标的/设备名称*","组织方式*","配置要求","拟实现功能或目标*","是否专门面向中小企业采购*","是否专门面向监狱企业采购*","是否专门面向小型、微型企业采购*","是否专门面向残疾人福利性单位采购*","资金性质*","单价*","采购数量*","采购金额*","计量单位*","中小企业","其中小微企业","备注说明","接收标志"]
[1,"934001-新余市渝水区南安乡人民政府","360502243188880004263-后勤保障","3-特定目标类","31002-办公设备购置","A02010105-台式计算机","台式计算机","台式计算机","集中采购","","办公","1-是","1-是","1-是","1-是","1111-经费拨款",{"v":6000,"d":"6,000.00"},20,{"v":120000,"d":"120,000.00"},"台",{"v":100000,"d":"100,000.00"},{"v":20000,"d":"20,000.00"},"","0-年初预算"]
[2,"934001-新余市渝水区南安乡人民政府","360502243188880004263-后勤保障","3-特定目标类","31002-办公设备购置","A02020100-复印机","复印机","复印机","集中采购","","办公","1-是","1-是","1-是","1-是","1111",{"v":4000,"d":"4,000.00"},10,{"v":40000,"d":"40,000.00"},"台",{"v":30000,"d":"30,000.00"},{"v":10000,"d":"10,000.00"},"","0-年初预算"]
[3,"934001-新余市渝水区南安乡人民政府","360502243188880004263-后勤保障","3-特定目标类","31002-办公设备购置","A05010299-其他台、桌类","其他台、桌类","其他台、桌类","集中采购","","办公","1-是","1-是","1-是","1-是","1111",{"v":2000,"d":"2,000.00"},10,{"v":20000,"d":"20,000.00"},"张",{"v":10000,"d":"10,000.00"},{"v":10000,"d":"10,000.00"},"","0-年初预算"]
[4,"934001-新余市渝水区南安乡人民政府","360502243188880004263-后勤保障","3-特定目标类","31002-办公设备购置","A05010399-其他椅凳类","其他椅凳类","其他椅凳类","集中采购","","办公","1-是","1-是","1-是","1-是","1111",{"v":500,"d":"500.00"},20,{"v":10000,"d":"10,000.00"},"张",{"v":5000,"d":"5,000.00"},{"v":5000,"d":"5,000.00"},"","0-年初预算"]
[5,"934001-新余市渝水区南安乡人民政府","360502243188880004263-后勤保障","3-特定目标类","31002-办公设备购置","A02021004-A4彩色打印机","A4彩色打印机","A4彩色打印机","集中采购","","办公","1-是","1-是","1-是","1-是","1111",{"v":3000,"d":"3,000.00"},10,{"v":30000,"d":"30,000.00"},"台",{"v":20000,"d":"20,000.00"},{"v":10000,"d":"10,000.00"},"","0-年初预算"]
[6,"934001-新余市渝水区南安乡人民政府","360502243188880004263-后勤保障","3-特定目标类","31002-办公设备购置","A02099900-其他广播、电视、电影设备","其他广播、电视、电影设备","其他广播、电视、电影设备","集中采购","","办公","1-是","1-是","1-是","1-是","1111",{"v":5000,"d":"5,000.00"},2,{"v":10000,"d":"10,000.00"},"台",{"v":6000,"d":"6,000.00"},{"v":4000,"d":"4,000.00"},"","0-年初预算"]
[7,"934001-新余市渝水区南安乡人民政府","360502243188880004263-后勤保障","3-特定目标类","31002-办公设备购置","A02061804-空调机","空调机","空调机","集中采购","","办公","1-是","1-是","1-是","1-是","1111",{"v":4000,"d":"4,000.00"},5,{"v":20000,"d":"20,000.00"},"台",{"v":10000,"d":"10,000.00"},{"v":10000,"d":"10,000.00"},"","0-年初预算"]
[8,"934001-新余市渝水区南安乡人民政府","360502243188880004263-后勤保障","3-特定目标类","31002-办公设备购置","A02010108-便携式计算机","便携式计算机","便携式计算机","集中采购","","办公","1-是","1-是","1-是","1-是","1111",{"v":5000,"d":"5,000.00"},2,{"v":10000,"d":"10,000.00"},"台",{"v":5000,"d":"5,000.00"},{"v":5000,"d":"5,000.00"},"","0-年初预算"]
[9,"934001-新余市渝水区南安乡人民政府","360502243188880004263-后勤保障","3-特定目标类","31002-办公设备购置","A02021301-碎纸机","碎纸机","碎纸机","集中采购","","办公","1-是","1-是","1-是","1-是","1111",{"v":2000,"d":"2,000.00"},2,{"v":4000,"d":"4,000.00"},"台",{"v":2000,"d":"2,000.00"},{"v":2000,"d":"2,000.00"},"","0-年初预算"]
[10,"934001-新余市渝水区南安乡人民政府","360502243188880004263-后勤保障","3-特定目标类","31002-办公设备购置","A02020599-其他照相机及器材","其他照相机及器材","其他照相机及器材","集中采购","","办公","1-是","1-是","1-是","1-是","1111",{"v":10000,"d":"10,000.00"},1,{"v":10000,"d":"10,000.00"},"台",{"v":5000,"d":"5,000.00"},{"v":5000,"d":"5,000.00"},"","0-年初预算"]
[11,"934001-新余市渝水区南安乡人民政府","360502243188880004263-后勤保障","3-特定目标类","31002-办公设备购置","A02021104-液晶显示器","液晶显示器","液晶显示器","集中采购","","办公","1-是","1-是","1-是","1-是","1111",{"v":3000,"d":"3,000.00"},7,{"v":21000,"d":"21,000.00"},"台",{"v":15000,"d":"15,000.00"},{"v":6000,"d":"6,000.00"},"","0-年初预算"]
[12,"934001-新余市渝水区南安乡人民政府","360502243188880004263-后勤保障","3-特定目标类","31002-办公设备购置","A02020200-投影仪","投影仪","投影仪","集中采购","","办公","1-是","1-是","1-是","1-是","1111",{"v":5000,"d":"5,000.00"},2,{"v":10000,"d":"10,000.00"},"台",{"v":5000,"d":"5,000.00"},{"v":5000,"d":"5,000.00"},"","0-年初预算"]
[13,"934001-新余市渝水区南安乡人民政府","360502243188880004263-后勤保障","3-特定目标类","31002-办公设备购置","A02021103-LED显示屏","LED显示屏","LED显示屏","集中采购","","办公","1-是","1-是","1-是","1-是","1111",{"v":15000,"d":"15,000.00"},2,{"v":30000,"d":"30,000.00"},"台",{"v":15000,"d":"15,000.00"},{"v":15000,"d":"15,000.00"},"","0-年初预算"]
[14,"934001-新余市渝水区南安乡人民政府","360502243188880004263-后勤保障","3-特定目标类","31002-办公设备购置","A08060303-应用软件","应用软件","应用软件","集中采购","","办公","1-是","1-是","1-是","1-是","1111",{"v":2000,"d":"2,000.00"},20,{"v":40000,"d":"40,000.00"},"台",{"v":30000,"d":"30,000.00"},{"v":10000,"d":"10,000.00"},"","0-年初预算"]
[15,"934001-新余市渝水区南安乡人民政府","360502243188880004263-后勤保障","3","31002","A05010499-其他沙发类","其他沙发类","其他沙发类","集中采购","","办公","1-是","1-是","1-是","1-是","1111",{"v":10000,"d":"10,000.00"},2,{"v":20000,"d":"20,000.00"},"套",{"v":10000,"d":"10,000.00"},{"v":10000,"d":"10,000.00"},"","0-年初预算"]
[16,"934001-新余市渝水区南安乡人民政府","360502243188880004263-后勤保障","3","31002","A05010599-其他柜类","其他柜类","其他柜类","集中采购","","办公","1-是","1-是","1-是","1-是","1111",{"v":1000,"d":"1,000.00"},20,{"v":20000,"d":"20,000.00"},"个",{"v":10000,"d":"10,000.00"},{"v":10000,"d":"10,000.00"},"","0-年初预算"]
[17,"934001-新余市渝水区南安乡人民政府","360502243188880004263-后勤保障","3","31002","A05010104-木制床类","木制床类","木制床类","集中采购","","办公","1-是","1-是","1-是","1-是","1111",{"v":2000,"d":"2,000.00"},5,{"v":10000,"d":"10,000.00"},"台",{"v":6000,"d":"6,000.00"},{"v":4000,"d":"4,000.00"},"","0-年初预算"]